| 000 | 00678nam a2200205 i 4500 | ||
|---|---|---|---|
| 001 | 149286 | ||
| 003 | ES-MaACL | ||
| 005 | 20230906203027.0 | ||
| 007 | t| | ||
| 008 | 071019s1968 sp ||||1| spa d | ||
| 100 | 1 |
_aVelayos, Salvador. _9113786 |
|
| 245 | 1 | 0 |
_aIntroducción al magnetismo / _cpor Salvador Velayos, Manuel Poza, Fernando Briones. |
| 260 |
_aMadrid : _bUniversidad de Madrid, Facultad de Ciencias, _c1968. |
||
| 300 |
_a253 p. : _bil. ; _c22 cm. |
||
| 500 | _aMulticop. | ||
| 700 | 1 |
_aPoza, Manuel. _993525 |
|
| 700 | 1 |
_aBriones, Fernando. _931769 |
|
| 710 | 2 |
_aUniversidad de Madrid. _bFacultad de Ciencias. _97210 |
|
| 852 |
_aES-MaACL _jC-47412 _bR.67984 |
||
| 999 |
_c149286 _d149286 |
||